Catholic University of Zimbabwe Library
Online Public Access Catalogue
(OPAC)

Cross-Cultural Visions in African American Modernism (Record no. 24500)

MARC details
000 -LEADER
fixed length control field 02679cam a22005054a 4500
001 - CONTROL NUMBER
control field muse33847
003 - CONTROL NUMBER IDENTIFIER
control field MdBmJHUP
005 - DATE AND TIME OF LATEST TRANSACTION
control field 20210127151054.0
006 - FIXED-LENGTH DATA ELEMENTS--ADDITIONAL MATERIAL CHARACTERISTICS
fixed length control field m o d
007 - PHYSICAL DESCRIPTION FIXED FIELD--GENERAL INFORMATION
fixed length control field cr||||||||nn|n
008 - FIXED-LENGTH DATA ELEMENTS--GENERAL INFORMATION
fixed length control field 060426s2006 ohu o 00 0 eng d
010 ## - LIBRARY OF CONGRESS CONTROL NUMBER
Canceled/invalid LC control number 2006014116
020 ## - INTERNATIONAL STANDARD BOOK NUMBER
International Standard Book Number 9780814272374
020 ## - INTERNATIONAL STANDARD BOOK NUMBER
International Standard Book Number 0814272371
020 ## - INTERNATIONAL STANDARD BOOK NUMBER
Canceled/invalid ISBN 0814210309 (alk. paper)
020 ## - INTERNATIONAL STANDARD BOOK NUMBER
Canceled/invalid ISBN 9780814210307 (alk. paper)
020 ## - INTERNATIONAL STANDARD BOOK NUMBER
Canceled/invalid ISBN 9780814291078
035 ## - SYSTEM CONTROL NUMBER
System control number (OCoLC)1229137976
040 ## - CATALOGING SOURCE
Original cataloging agency MdBmJHUP
Transcribing agency MdBmJHUP
043 ## - GEOGRAPHIC AREA CODE
Geographic area code n-us---
050 04 - LIBRARY OF CONGRESS CALL NUMBER
Classification number PS153.N5
Item number H223 2006
082 0# - DEWEY DECIMAL CLASSIFICATION NUMBER
Classification number 810.9/896073
Edition number 22
100 1# - MAIN ENTRY--PERSONAL NAME
Personal name Hakutani, Yoshinobu,
Dates associated with a name 1935-
245 10 - TITLE STATEMENT
Title Cross-Cultural Visions in African American Modernism
Remainder of title From Spatial Narrative to Jazz Haiku /
Statement of responsibility, etc. Yoshinobu Hakutani.
264 #1 - PRODUCTION, PUBLICATION, DISTRIBUTION, MANUFACTURE, AND COPYRIGHT NOTICE
Name of producer, publisher, distributor, manufacturer Ohio State University Press,
264 #3 - PRODUCTION, PUBLICATION, DISTRIBUTION, MANUFACTURE, AND COPYRIGHT NOTICE
Name of producer, publisher, distributor, manufacturer Project MUSE,
300 ## - PHYSICAL DESCRIPTION
Extent 1 online resource (ix, 251 p.)
504 ## - BIBLIOGRAPHY, ETC. NOTE
Bibliography, etc. note Includes bibliographical references (p. 235-242) and index.
505 0# - FORMATTED CONTENTS NOTE
Formatted contents note The Chicago Renaissance, Theodore Dreiser, and Richard Wright's spatial narrative -- The cross-cultural vision of Ralph Ellison's Invisible man -- No name in the street : James Baldwin's exploration of American urban culture -- If Beale Street could talk : Baldwin's search for love and identity -- Jazz and Toni Morrison's urban imagination of desire and subjectivity -- Wright's The outsider and French existentialism -- Pagan Spain : Wright's discourse on religion and culture -- The African "primal outlook upon life" : Wright and Morrison -- The poetics of nature : Wright's haiku, Zen, and Lacan -- Private voice and Buddhist enlightenment in Alice Walker's The color purple -- Cross-cultural poetics : Sonia Sanchez's Like the singing coming off the drums -- James Emanuel's jazz haiku and African American individualism.
506 0# - RESTRICTIONS ON ACCESS NOTE
Terms governing access Open Access
Standardized terminology for access restriction Unrestricted online access
Source of term star
588 ## - SOURCE OF DESCRIPTION NOTE
Source of description note Description based on print version record.
650 #0 - SUBJECT ADDED ENTRY--TOPICAL TERM
Topical term or geographic name entry element Modernism (Literature)
Geographic subdivision United States.
650 #0 - SUBJECT ADDED ENTRY--TOPICAL TERM
Topical term or geographic name entry element African Americans
General subdivision Intellectual life
Chronological subdivision 20th century.
650 #0 - SUBJECT ADDED ENTRY--TOPICAL TERM
Topical term or geographic name entry element Influence (Literary, artistic, etc.)
General subdivision History
Chronological subdivision 20th century.
650 #0 - SUBJECT ADDED ENTRY--TOPICAL TERM
Topical term or geographic name entry element American literature
General subdivision Foreign influences.
650 #0 - SUBJECT ADDED ENTRY--TOPICAL TERM
Topical term or geographic name entry element American literature
General subdivision African American authors
-- History and criticism.
655 #7 - INDEX TERM--GENRE/FORM
Genre/form data or focus term Electronic books.
Source of term local
710 2# - ADDED ENTRY--CORPORATE NAME
Corporate name or jurisdiction name as entry element Project Muse.
Relator term distributor
830 #0 - SERIES ADDED ENTRY--UNIFORM TITLE
Uniform title Book collections on Project MUSE.
856 40 - ELECTRONIC LOCATION AND ACCESS
Public note Full text available:
Uniform Resource Identifier <a href="https://muse.jhu.edu/book/28054/">https://muse.jhu.edu/book/28054/</a>
Holdings
Withdrawn status Lost status Source of classification or shelving scheme Damaged status Not for loan Home library Current library Shelving location Date acquired Total Checkouts Full call number Date last seen Uniform Resource Identifier Price effective from Koha item type
          Digital Library Digital Library Online Access 27.01.2021   PS153.N5 H223 2006 27.01.2021 https://muse.jhu.edu/book/28054/ 27.01.2021 eBook

OPENING HOURS

Weekdays: 0815hrs - 1800hrs
Weekends:0900hrs - 1200hrs

Closed for Mass:

Mon, Thur: 1200hrs - 1300hrs
Sunday & Public Holiday’s

CALL SUPPORT

0242-570570, 0242-570169
09200664, +263 8644140602

LOCATION

18443, Cranborne Avenue, Hatfield, Harare

Other Links


©2021 | CUZ Library